Dynamic meteorology : lectures delivered at the Summer School of Space Physics of the Centre national d' etudes spatiales, held at Lannion, France, 7 August-12 September 1970
Αποθηκεύτηκε σε:
| Συλλογικό Έργο: | , |
|---|---|
| Άλλοι συγγραφείς: | |
| Μορφή: | Πρακτικό Συνεδρίου Βιβλίο |
| Γλώσσα: | English |
| Δημοσίευση: |
χ.τ. :
Kluwer Academic Publishers,
c1973
|
| Θέματα: | |
| Ετικέτες: |
Προσθήκη ετικέτας
Δεν υπάρχουν, Καταχωρήστε ετικέτα πρώτοι!
|
MARC
| LEADER | 00000nam a2200000 i 4500 | ||
|---|---|---|---|
| 001 | 1/60302 | ||
| 008 | 040914s1973 eng d | ||
| 020 | |a 9027703442 | ||
| 035 | |l 10074270 | ||
| 040 | |a GR-MY-UA |b gre |e aacr | ||
| 041 | 0 | |a eng | |
| 082 | 0 | |a 551.5153 |2 (21) | |
| 245 | 1 | 0 | |a Dynamic meteorology : |b lectures delivered at the Summer School of Space Physics of the Centre national d' etudes spatiales, held at Lannion, France, 7 August-12 September 1970 / |c edited by P. Morel |
| 260 | |a χ.τ. : |b Kluwer Academic Publishers, |c c1973 | ||
| 300 | |a 622 σ.; |b εικ.; |c 24 εκ. | ||
| 500 | |a Επανέκδοση της αρχικής Dordrecht: D. Reidel Publishing Company, c1973 | ||
| 504 | |a Περιέχει βιβλιογραφία και ευρετήριο | ||
| 650 | 0 | 0 | |a Dynamic meteorology. |
| 700 | 1 | |a Morel, Pierre. |4 edt | |
| 710 | 2 | |a Centre national d' edutes spatiales (France) | |
| 711 | 2 | |a Summer School in Space Physics |n (3rd : |d 1970 : |c Lannion, France) | |
| 852 | |a INST |b LESVOS |e 20040914 |h 551.5153 DYN |p 005100030609 |q 005100030609 |t BK |y 0 | ||
| 901 | |a BIBL1-2004-3 | ||
| 909 | |a Λ |b 113109 | ||
| 922 | |a 1ΕΛΗ |b 200408 |c ΕΠΕΑΕΚ2/ΤΓ |d ΜΙΧΑΛΟΠΟΥΛΟΣ | ||
| 950 | |a 118-2004-06-14 | ||
| 970 | |a ΧΡΙΣΤΟΦΑ |b ΝΙΚΗ |z 2004/10/25 | ||